<?xml version="1.0" encoding="UTF-8"?><?xml-stylesheet type="text/xsl" href="static/style.xsl"?><OAI-PMH xmlns="http://www.openarchives.org/OAI/2.0/" xmlns:xsi="http://www.w3.org/2001/XMLSchema-instance" xsi:schemaLocation="http://www.openarchives.org/OAI/2.0/ http://www.openarchives.org/OAI/2.0/OAI-PMH.xsd"><responseDate>2026-04-17T06:49:58Z</responseDate><request verb="GetRecord" identifier="oai:www.recercat.cat:2072/408556" metadataPrefix="marc">https://recercat.cat/oai/request</request><GetRecord><record><header><identifier>oai:recercat.cat:2072/408556</identifier><datestamp>2026-04-08T03:11:23Z</datestamp><setSpec>com_2072_98</setSpec><setSpec>col_2072_378192</setSpec></header><metadata><record xmlns="http://www.loc.gov/MARC21/slim" xmlns:dcterms="http://purl.org/dc/terms/" xmlns:xsi="http://www.w3.org/2001/XMLSchema-instance" xmlns:doc="http://www.lyncode.com/xoai" xsi:schemaLocation="http://www.loc.gov/MARC21/slim http://www.loc.gov/standards/marcxml/schema/MARC21slim.xsd">
   <leader>00925njm 22002777a 4500</leader>
   <datafield ind2=" " ind1=" " tag="042">
      <subfield code="a">dc</subfield>
   </datafield>
   <datafield ind2=" " ind1=" " tag="720">
      <subfield code="a">Awad, Dounia</subfield>
      <subfield code="e">author</subfield>
   </datafield>
   <datafield ind2=" " ind1=" " tag="260">
      <subfield code="c">2015</subfield>
   </datafield>
   <datafield ind2=" " ind1=" " tag="520">
      <subfield code="a">Advisor/s: Vincent Courboulay and Arnaud Revel. Date and location of PhD thesis defense: 5 September 2014, University of La Rochelle</subfield>
   </datafield>
   <datafield ind2=" " ind1=" " tag="520">
      <subfield code="a">The main objective of this thesis is to propose a pipeline for an object recognition algorithm based on human perception which addresses the object recognition system complexity: query run time and memory allocation. In this context, we propose a filter based on a visual attention system to address the problems of extracting a large number of points of interest using existing region selection techniques. We chose to use bottom-up visual attention systems that encode attentional fixations in a topographic map, known as a saliency map. This map serves as basis for generating a mask to select salient points according to human interest, from the points extracted by a region selection technique. Furthermore, we addressed the problem of high dimensionality of descriptors in region appearance phase. We proposed a new hybrid descriptor representing the spatial frequency of some perceptual features, extracted by a visual attention system (color, texture, intensity. This descriptor consist of a concatenation of energy measures computed at the output of a filter bank, at each level of the multi-resolution pyramid of perceptual features. This descriptor has the advantage of being lower dimensional than traditional descriptors.</subfield>
   </datafield>
   <datafield tag="653" ind2=" " ind1=" ">
      <subfield code="a">Computer vision</subfield>
   </datafield>
   <datafield ind2="0" ind1="0" tag="245">
      <subfield code="a">Toward a perceptual object recognition system</subfield>
   </datafield>
</record></metadata></record></GetRecord></OAI-PMH>